Touch of Midas (Record no. 10649)
[ view plain ]
| 000 -LEADER | |
|---|---|
| fixed length control field | 00704nam a2200253 a 4500 |
| 020 ## - INTERNATIONAL STANDARD BOOK NUMBER | |
| ISBN | 8190022 |
| 082 00 - DEWEY DECIMAL CLASSIFICATION NUMBER | |
| Classification number | 500.80297 |
| Author Cutter | SAR1 |
| 100 ## - MAIN ENTRY--AUTHOR NAME | |
| Author name | Sardar, Ziauddin |
| 245 ## - TITLE STATEMENT | |
| Title | Touch of Midas |
| Sub title | Science, Values and Environment in Islam and West |
| 260 ## - PUBLICATION, DISTRIBUTION, ETC. (IMPRINT) | |
| Place of publication | Goa |
| Name of publisher | Other India Press |
| Year of publication | 1984 |
| 300 ## - PHYSICAL DESCRIPTION | |
| Number of Pages | 2534p |
| 500 ## - GENERAL NOTE | |
| General note | includes index and biblioraphy |
| 505 2# - FORMATTED CONTENTS NOTE | |
| Formatted contents note | Bibliography, Sources, Glossary, Abbreviations |
| 650 ## - SUBJECT ADDED ENTRY--TOPICAL TERM | |
| Topical Term | Ecology-Islam |
| 650 ## - SUBJECT ADDED ENTRY--TOPICAL TERM | |
| Topical Term | Islam and Science |
| 942 ## - ADDED ENTRY ELEMENTS (KOHA) | |
| Koha item type | Books |
| 700 1# - | |
| -- | Sardar, Ziauddin |
| Collection code | Home library | Current library | Date acquired | Cost, normal purchase price | Full call number | Accession Number | Koha item type |
|---|---|---|---|---|---|---|---|
| Henry Martyn Institute Library | Henry Martyn Institute Library | 08/01/2013 | 150.00 | 500.80297 SAR1 | 018483 | Books |
